The new data imperative (Record no. 69811)
[ view plain ]
| 000 -LEADER | |
|---|---|
| fixed length control field | 01158nam a2200313 a 4500 |
| 100 1# - MAIN ENTRY--AUTHOR NAME | |
| Personal name | Nathan, Raj. |
| 245 14 - TITLE STATEMENT | |
| Title | The new data imperative |
| 260 ## - PUBLICATION, DISTRIBUTION, ETC. (IMPRINT) | |
| Place of publication | Westport, Conn. : |
| Name of publisher | Easton Studio Press, |
| Year of publication | c2009. |
| 300 ## - PHYSICAL DESCRIPTION | |
| Number of Pages | 115 p. : |
| Other physical details | ill. |
| 650 #0 - SUBJECT ADDED ENTRY--TOPICAL TERM | |
| Topical Term | Risk. |
| Topical Term | Capital market. |
| 700 1# - ADDED ENTRY--PERSONAL NAME | |
| Personal name | Khan, Irfan. |
| Personal name | Baskan, Sinan. |
| 856 40 - ELECTRONIC LOCATION AND ACCESS | |
| Uniform Resource Identifier | http://site.ebrary.com/lib/rucke/Doc?id=10303192 |
No items available.
